000 00280nam a2200121Ia 4500
008 190216s9999||||xx |||||||||||||| ||und||
100 _aBharath Yayavar
245 0 _aHindi - Ranu Ke Sath
260 _bMythrey Publication
_c2002
300 _a136
650 _aHindi
942 _cBK
999 _c16150
_d16150